| 000 | 00576nam a2200157 4500 | ||
|---|---|---|---|
| 008 | 170321b xxu||||| |||| 00| 0 eng d | ||
| 022 | _a01153544 | ||
| 082 | _aDPer 338.05 En86 Apr-Jul 2015 v. 15, n. 158-161 | ||
| 100 |
_919395 _aDe Veyra, Devi |
||
| 245 |
_aTurning art into asset: _bit's equal parts education, intuition, and emotion/ _cDevi De Veyra. |
||
| 260 |
_aPhilippines: _bSummit Media, _cApr-Jul 2015. |
||
| 300 |
_av15 n159, pages 77-78: _billustrations, _c28 cm. |
||
| 500 | _aEntrepreneur. | ||
| 650 | 0 |
_919396 _aBusiness _xArt patronage |
|
| 942 |
_2ddc _cPER |
||
| 999 |
_c6423 _d6423 |
||